Evaluation eines sozialen Lernprogramms in der Schule mit delinquenzpräventiver Zielsetzung
| Main Author: | |
|---|---|
| Format: | Print Book |
| Language: | German |
| Published: |
Köln [u.a.]
Heymanns
1986
|
| In: |
Interdisziplinäre Beiträge zur kriminologischen Forschung (17)
Year: 1986 |
| Online Access: |
Table of Contents |
| Availability in Tübingen: | Present in Tübingen. IFK: S LXXXI 17 |
| Check availability: | HBZ Gateway |
| Subito Delivery Service: | Order now. |
| Keywords: |
MARC
| LEADER | 00000cam a2200000 c 4500 | ||
|---|---|---|---|
| 001 | 026543265 | ||
| 003 | DE-627 | ||
| 005 | 20260206203427.0 | ||
| 007 | tu | ||
| 008 | 861031s1986 gw ||||| m 00| ||ger c | ||
| 015 | |a 86,N19,0165 |2 dnb | ||
| 015 | |a 86,A33,0430 |2 dnb | ||
| 016 | 7 | |a 860461645 |2 DE-101 | |
| 020 | |a 3452206629 |9 3-452-20662-9 | ||
| 035 | |a (DE-627)026543265 | ||
| 035 | |a (DE-603)004788206 | ||
| 035 | |a (DE-576)011932546 | ||
| 035 | |a (DE-599)GBV273117831 | ||
| 035 | |a (OCoLC)32312183 | ||
| 035 | |a (OCoLC)310636330 | ||
| 035 | |a (OCoLC)32312183 | ||
| 040 | |a DE-627 |b ger |c DE-627 |e rakwb | ||
| 041 | |a ger | ||
| 044 | |c XA-DE | ||
| 084 | |a PÄ 305 |2 sfb | ||
| 084 | |a PÄ 885 (60) |2 sfb | ||
| 084 | |a 22 |2 sdnb | ||
| 084 | |a 22 |a 14 |2 sdnb | ||
| 084 | |a PH 8420 |2 rvk |0 (DE-625)rvk/136501: | ||
| 084 | |a DP 6120 |2 rvk |0 (DE-625)rvk/19857:12012 | ||
| 084 | |a DP 6100 |2 rvk |0 (DE-625)rvk/19857:12010 | ||
| 084 | |a 81.55 |2 bkl | ||
| 100 | 1 | |a Lerchenmüller, Hedwig |4 aut | |
| 245 | 1 | 0 | |a Evaluation eines sozialen Lernprogramms in der Schule mit delinquenzpräventiver Zielsetzung |c von Hedwig Lerchenmüller |
| 264 | 1 | |a Köln [u.a.] |b Heymanns |c 1986 | |
| 300 | |a XII, 448 S. |b Ill., graph. Darst. |c 23 cm | ||
| 336 | |a Text |b txt |2 rdacontent | ||
| 337 | |a ohne Hilfsmittel zu benutzen |b n |2 rdamedia | ||
| 338 | |a Band |b nc |2 rdacarrier | ||
| 490 | 1 | |a Interdisziplinäre Beiträge zur kriminologischen Forschung |v 17 | |
| 500 | |a Literaturverz. S. 327 - 352 | ||
| 502 | |a Zugl.: Hannover, Univ., Diss., 1985 | ||
| 583 | 1 | |a Archivierung/Langzeitarchivierung gewährleistet |f REG |x XA-DE-NI |2 pdager |5 DE-35 | |
| 650 | 0 | 7 | |0 (DE-588)4033178-7 |0 (DE-627)10458503X |0 (DE-576)209000511 |a Kriminalität |2 gnd |
| 650 | 0 | 7 | |0 (DE-588)4076308-0 |0 (DE-627)104364106 |0 (DE-576)209201428 |a Prävention |2 gnd |
| 650 | 4 | |a Kriminalität ; Prävention ; Soziales Lernen ; Hauptschule | |
| 650 | 4 | |a Soziales Lernen ; Hautpschule ; Kriminalität ; Prävention | |
| 650 | 4 | |a Kriminalität ; Prävention ; Soziales Lernen ; Realschule | |
| 655 | 7 | |a Hochschulschrift |0 (DE-588)4113937-9 |0 (DE-627)105825778 |0 (DE-576)209480580 |2 gnd-content | |
| 689 | 0 | 0 | |d s |0 (DE-588)4033178-7 |0 (DE-627)10458503X |0 (DE-576)209000511 |a Kriminalität |2 gnd |
| 689 | 0 | 1 | |d s |0 (DE-588)4055760-1 |0 (DE-627)106156926 |0 (DE-576)209115270 |a Soziales Lernen |2 gnd |
| 689 | 0 | 2 | |d s |0 (DE-588)4023683-3 |0 (DE-627)106302264 |0 (DE-576)208950893 |a Hauptschule |2 gnd |
| 689 | 0 | |5 DE-101 | |
| 689 | 1 | 0 | |d s |0 (DE-588)4033178-7 |0 (DE-627)10458503X |0 (DE-576)209000511 |a Kriminalität |2 gnd |
| 689 | 1 | 1 | |d s |0 (DE-588)4055760-1 |0 (DE-627)106156926 |0 (DE-576)209115270 |a Soziales Lernen |2 gnd |
| 689 | 1 | 2 | |d s |0 (DE-588)4048689-8 |0 (DE-627)104152192 |0 (DE-576)20907891X |a Realschule |2 gnd |
| 689 | 1 | |5 DE-101 | |
| 751 | |a Hannover |0 (DE-588)4023349-2 |0 (DE-627)106304356 |0 (DE-576)208948686 |4 uvp | ||
| 830 | 0 | |a Interdisziplinäre Beiträge zur kriminologischen Forschung |v 17 |9 17 |w (DE-627)130300489 |w (DE-576)008449171 |w (DE-600)581371-2 |x 0937-0773 |7 am | |
| 856 | 4 | 2 | |u http://d-nb.info/860461645/04 |m B:DE-101 |q pdf/application |v 20161127003401 |x Verlag |3 Inhaltsverzeichnis |7 1 |
| 856 | 4 | 2 | |u http://scans.hebis.de/HEBCGI/show.pl?00478820_toc.pdf |m V:DE-605 |q application/pdf |3 Inhaltsverzeichnis |7 1 |
| 889 | |w (DE-627)273117831 | ||
| 935 | |i Blocktest | ||
| 935 | |h HEB |i 0501 | ||
| 935 | |h HEB |i 0503 | ||
| 936 | r | v | |a PH 8420 |b Kinderkriminalität; Jugendkriminalität; Frauenkriminalität, Mädchenkriminalität; Alterskriminalität; Ausländerkriminalität |k Rechtswissenschaft |k Strafrecht, Strafverfahrensrecht, Kriminologie |k Kriminologie |k Soziale Profile; Soziale Gruppen; Tätergemeinschaften (hier auch: Internationale Kriminalität) |k Kinderkriminalität; Jugendkriminalität; Frauenkriminalität, Mädchenkriminalität; Alterskriminalität; Ausländerkriminalität |0 (DE-627)1271674998 |0 (DE-625)rvk/136501: |0 (DE-576)201674998 |
| 936 | r | v | |a DP 6120 |b Einzelne Unterrichtsthemen |k Pädagogik |k Didaktik und Methodik des Unterrichts |k Didaktik einzelner Sachgebiete und Themen |k Fächerübergreifende Unterrichtsgebiete |k Sozialerziehung |k Einzelne Unterrichtsthemen |0 (DE-627)1271362481 |0 (DE-625)rvk/19857:12012 |0 (DE-576)201362481 |
| 936 | r | v | |a DP 6100 |b Allgemeines |k Pädagogik |k Didaktik und Methodik des Unterrichts |k Didaktik einzelner Sachgebiete und Themen |k Fächerübergreifende Unterrichtsgebiete |k Sozialerziehung |k Allgemeines |0 (DE-627)1270711229 |0 (DE-625)rvk/19857:12010 |0 (DE-576)200711229 |
| 936 | b | k | |a 81.55 |j Schülerverhalten |j Studentenverhalten |0 (DE-627)106422782 |
| 936 | s | n | |a d100 |2 mzub |
| 936 | s | n | |a p100 |2 mzub |
| 936 | s | n | |a m200 |2 mzub |
| 951 | |a BO | ||
| ELC | |b 1 | ||
| LOK | |0 000 xxxxxcx a22 zn 4500 | ||
| LOK | |0 001 3236489227 | ||
| LOK | |0 003 DE-627 | ||
| LOK | |0 004 026543265 | ||
| LOK | |0 005 20180226134837 | ||
| LOK | |0 008 940728||||||||||||||||ger||||||| | ||
| LOK | |0 040 |a DE-21-110 |c DE-627 |d DE-21-110 | ||
| LOK | |0 689 |a s |a Schule | ||
| LOK | |0 689 |a s |a Soziale Lernprogramme | ||
| LOK | |0 852 |a DE-21-110 | ||
| LOK | |0 852 1 |c S LXXXI 17 |m p |9 00 | ||
| LOK | |0 935 |a k110 | ||
| LOK | |0 936ln |a 3.3.1 | ||
| LOK | |0 938 |k p | ||
| LOK | |0 939 |a 28-07-94 |b l01 | ||
| ORI | |a SA-MARC-krimdoka001.raw | ||
| SIG | |a IFK: S LXXXI 17 | ||
